1980s Movies A-Z III Quiz Stats

 Plays Quiz Updated Sep 10, 2019

Score 0/24 Timer 06:00
291 Plays Today
% Correct
Dirty Dancing
97.8%
Indiana Jones & the Temple of Doom
96.4%
Gandhi
92.8%
Rain Man
91.9%
Amadeus
91.7%
The Elephant Man
90.5%
Beverly Hills Cop
88.3%
Stand by Me
80.1%
The Princess Bride
79.8%
The Naked Gun: From the Files of the Police Squad
78.4%
Trading Places
76.4%
Full Metal Jacket
76%
% Correct
Mad Max Beyond Thunderdome
74.5%
On Golden Pond
63.9%
Witness
63.2%
The Color of Money
61.2%
Victor/Victoria
59.2%
Young Einstein
35.9%
Henry V
34.5%
Legend
31.2%
Kiki’s Delivery Service
21.5%
Jagged Edge
19.5%
Under the Cherry Moon
18%
Zombie High
2.4%

You're not logged in!

Compare scores with friends on all Sporcle quizzes.
OR
Log In

Sporcle TV

Today on Sporcle TV


Watch our educational content, quiz creation guides, and fun videos on Sporcle TV.

Show Comments

Extras

Top Quizzes Today


Score Distribution

Your Account Isn't Verified!

In order to create a playlist on Sporcle, you need to verify the email address you used during registration. Go to your Sporcle Settings to finish the process.

Report this User

Report this user for behavior that violates our Community Guidelines.

Details: